000 01033 a2200301 4500
001 200424532
003 TR-AnTOB
005 20241023145042.0
008 160527b tu 000 0
020 _a9757093157
040 _aTR-AnTOB
_beng
_erda
_cTR-AnTOB
041 0 _atur
050 0 0 _aBP188.8
_bB87 2004
090 _aBP188.8 B87 2004
245 1 0 _aBursa'da dünden bugüne tasavvuf kültürü 3 /
_cyayına hazırlayan Hasan Basri Öcalan.
264 _aBursa:
_bBursa Kültür Sanat ve Turizm Vakfı Yayınları,
_c2004
300 _a335 s. :
_bres. ;
_c24cm.
336 _atext
_2rdacontent
337 _aunmediated
_2rdamedia
338 _avolume
_2rdacarrier
490 0 _aBursa Kültür Sanat ve Turizm Vakfı yayınları. Bursa Kitaplığı; 17
504 _aIncludes bibliographical references and index
650 0 0 _aTasavvuf
_zTürkiye
_zBursa
_xTarih
_vKongreler
_9114395
651 0 _aBursa (Türkiye)
_xTarih
_vKongreler
_9114397
700 1 _aÖcalan, Hasan Basri
_9114393
942 _cBK
_2lcc
999 _c200424532
_d8451